Uaxactun, Guatemala (Record no. 10073)

MARC details
000 -CABECERA
campo de control de longitud fija 01158nam a2200277 a 4500
001 - NÚMERO DE CONTROL
campo de control BRL_1261
005 - FECHA Y HORA DE LA ÚLTIMA TRANSACCIÓN
campo de control 20190320211121.0
008 - DATOS DE LONGITUD FIJA--INFORMACIÓN GENERAL
campo de control de longitud fija 061213s1937----u--aoeb###---#000-0#eng-#
041 ## - CÓDIGO DE LENGUA
Código de lengua del texto/banda sonora o título independiente eng
044 ## - CÓDIGO DEL PAÍS DE LA ENTIDAD EDITORA/PRODUCTORA
Código MARC del país u
050 #4 - SIGNATURA TOPOGRÁFICA DE LA BIBLIOTECA DEL CONGRESO
Número de clasificación F1435.1.U2
Número de documento/Ítem .U29 1937
245 10 - MENCIÓN DE TÍTULO
Título Uaxactun, Guatemala
Resto del título Group E--1926-1931
Mención de responsabilidad, etc. Part I: The excavations, by Oliver G. Ricketson, jr. Part II: The artifacts, by Edith Bayles Ricketson. Appendices by Monroe Amsden, A. Ledyard Smith [and] H.E.D. Pollock.
260 ## - PUBLICACIÓN, DISTRIBUCIÓN, ETC.
Lugar de publicación, distribución, etc. Washington, D.C.
Nombre del editor, distribuidor, etc. Carnegie Institution of Washington
Fecha de publicación, distribución, etc. 1937
300 ## - DESCRIPCIÓN FÍSICA
Extensión xiii, 314 p.
Otras características físicas il., 88 láminas, mapas, planos
Dimensiones 29 cm.
Material acompañante/anejo + 1 mapa y 1 plano plegable
440 #0 - MENCIÓN DE SERIE/PUNTO DE ACCESO ADICIONAL--TÍTULO
Título Carnegie Institution of Washington. Publication
Designación de volumen o secuencia 477
9 (RLIN) 26308
500 ## - NOTA GENERAL
Nota general Au1456
500 ## - NOTA GENERAL
Nota general Estado físico: Faltan hojas al final, fueron cortadas.
504 ## - NOTA DE BIBLIOGRAFÍA, ETC.
Nota de bibliografía, etc. Bibliografía: p. 303-306.
650 14 - PUNTO DE ACCESO ADICIONAL DE MATERIA--TÉRMINO DE MATERIA
Término de materia o nombre geográfico como elemento de entrada Excavaciones arqueológicas
Subdivisión geográfica Guatemala
9 (RLIN) 26309
650 14 - PUNTO DE ACCESO ADICIONAL DE MATERIA--TÉRMINO DE MATERIA
Término de materia o nombre geográfico como elemento de entrada Mayas
Subdivisión general Antigüedades
9 (RLIN) 9555
651 #4 - PUNTO DE ACCESO ADICIONAL DE MATERIA--NOMBRE GEOGRÁFICO
Nombre geográfico Uaxactun (Guatemala)
9 (RLIN) 26310
700 1# - PUNTO DE ACCESO ADICIONAL--NOMBRE DE PERSONA
Nombre de persona Ricketson, Oliver Garrison
Fechas asociadas al nombre 1894-
9 (RLIN) 26311
700 1# - PUNTO DE ACCESO ADICIONAL--NOMBRE DE PERSONA
Nombre de persona Ricketson, Edith Bayles
Fechas asociadas al nombre 1899-1976
9 (RLIN) 26312
902 ## - CATALOGADOR
Iniciales GRL
942 ## - ELEMENTOS DE PUNTO DE ACCESO ADICIONAL (KOHA)
Fuente del sistema de clasificación o colocación Library of Congress Classification
Tipo de ítem Koha Libros
Holdings
Estado de retiro Estado de pérdida Estado dañado No para préstamo Localización permanente Ubicación/localización actual Fecha de adquisición Número de inventario Total de préstamos Signatura topográfica completa Código de barras Fecha visto por última vez Precio válido a partir de Tipo de ítem Koha
El ejemplar forma parte de la colección y puede ser consultado según las políticas vigentes.       Biblioteca Centro de Estudios Ruth D. Lechuga Biblioteca Centro de Estudios Ruth D. Lechuga 06/12/2013 Au1456   F1435.1.U2 .U29 1937 (Au1456) GRL01380 22/03/2019 22/03/2019 Libros